000 01856nam a2200241Ii 4500
008 221202s xx 000 0 und d
245 0 _aBorder Deaths
246 _aCauses, Dynamics and Consequences of Migration-related Mortality
264 1 _aAmsterdam
_bAmsterdam University Press
_c2019
300 _a1 online resource (175 pages)
336 _atext
_btxt
_2rdacontent
337 _acomputer
_bc
_2rdamedia
338 _aonline resource
_bcr
_2rdacarrier
520 _aBorder deaths are a result of dynamics involving diverse actors, and can be interpreted and represented in various ways. Critical voices from civil society (including academia) hold states responsible for making safe journeys impossible for large parts of the world population. Meanwhile, policy-makers argue that border deaths demonstrate the need for restrictive border policies. Statistics are widely (mis)used to support different readings of border deaths. However, the way data is collected, analysed, and disseminated remains largely unquestioned. Similarly, little is known about how bodies are treated, and about the different ways in which the dead - also including the missing and the unidentified - are mourned by familiars and strangers. New concepts and perspectives contribute to highlighting the political nature of border deaths and finding ways to move forward. The chapters of this collection, co-authored by researchers and practitioners, provide the first interdisciplinary overview of this contested field.
653 _aBorder
653 _aBorder Policies
653 _aDeaths
653 _aMigration
700 1 _aCuttitta, Paolo
700 1 _aLast, Tamara
856 _uhttps://docs.google.com/spreadsheets/d/1yKIrdCPDAG_9c22mwoOIO2DOhtj65Wqa/edit?usp=sharing&ouid=106555315294820607512&rtpof=true&sd=true
_yList of Curated E-Books
942 _cE-BOOK
999 _c92062
_d92059